000 01126nam0a2200289 4500
001 RU\NLR\BIBL_A\011960999
005 20190326141935.0
010 _a978-5-8354-1516-8
_9300
021 _aRU
_bКН-П-19-016093
_9КН-П-19-1206
035 _a(NLR Aleph) 011960999
090 _a11204225
_c11204225
100 _a20190315d2019 u y0rusy50 ca
101 0 _arus
102 _aRU
105 _ay z 000 y
200 1 _aМетод правового регулирования
_eвопросы теории и конституционного права
_e[монография]
_fР.В. Прудентов
210 _aМосква
_cСтатут
_d2019
215 _a190, [1] с.
_d22
320 _aБиблиогр.: с. 157-191 (404 назв.) и в подстроч. примеч.
606 1 _aКонституционное право
_xМетодология
_2nlr_sh1
_2nlr_sh2
_3RU\NLR\AUTH\661414134
686 1 _aХ620в
700 1 _aПрудентов
_bР. В.
_gРоман Вадимович
942 _cBOOK
980 _aNBR
980 _aNB